Power supply for a plasma emitter.; Instruments and experimental techniques; Vol. 23, № 2

Dades bibliogràfiques
Parent link:Instruments and experimental techniques
Vol. 23, № 2.— 1980.— P. 1444-1446
Autor principal: Koval N. N. Nikolay Nikolaevich
Altres autors: Nigof M. B.
Sumari:The basic circuit of a supply unit intended for pulse excitation of the arc discharge with a frequency of 5-50 Hz in electron accelerators with plasma emitters is described. The supply unit consists of a firing supply and a main supply. The firing supply is designed to fire the discharge and constitutes a generator of high-voltage pulses with an amplitude of 6 kV and low duration (1.5 µs). The main supply made as a low-voltage artificial forming line shapes a required discharge current pulse with an amplitude of 10-40 A and duration of 100 µs and is connected to discharge gap after firing the discharge. The circuit has been tested in a diode electron accelerator. At an accelerating voltage of 250 kV and a discharge current of 30 A the beam current constitutes 15 A. The pulsed supply of the discharge provides modulation of the electron beam current at a constant accelerating voltage. A conclusion has beeen drawn that employment of the described circuit makes it possible to increase the supply unit efficiency 10 times
В фонде НТБ ТПУ отсутствует
Idioma:rus
Publicat: 1980
Matèries:
Format: MixedMaterials Capítol de llibre
KOHA link:https://koha.lib.tpu.ru/cgi-bin/koha/opac-detail.pl?biblionumber=602572

MARC

LEADER 00000naa0a2200000 4500
001 602572
005 20250304135528.0
035 |a (RuTPU)RU\TPU\tpu\28470 
035 |a RU\TPU\tpu\28348 
090 |a 602572 
100 |a 20160623d1980 k||y0rusy50 ca 
101 0 |a rus 
102 |a RU 
200 1 |a Power supply for a plasma emitter.  |f N. N. Koval, M. B. Nigof 
330 |a The basic circuit of a supply unit intended for pulse excitation of the arc discharge with a frequency of 5-50 Hz in electron accelerators with plasma emitters is described. The supply unit consists of a firing supply and a main supply. The firing supply is designed to fire the discharge and constitutes a generator of high-voltage pulses with an amplitude of 6 kV and low duration (1.5 µs). The main supply made as a low-voltage artificial forming line shapes a required discharge current pulse with an amplitude of 10-40 A and duration of 100 µs and is connected to discharge gap after firing the discharge. The circuit has been tested in a diode electron accelerator. At an accelerating voltage of 250 kV and a discharge current of 30 A the beam current constitutes 15 A. The pulsed supply of the discharge provides modulation of the electron beam current at a constant accelerating voltage. A conclusion has beeen drawn that employment of the described circuit makes it possible to increase the supply unit efficiency 10 times 
333 |a В фонде НТБ ТПУ отсутствует 
461 |t Instruments and experimental techniques  
463 |t Vol. 23, № 2  |v P. 1444-1446  |d 1980 
610 1 |a труды учёных ТПУ 
700 1 |a Koval  |b N. N.  |c specialist in the field of electronics  |c Professor of Tomsk Polytechnic University, Doctor of technical sciences  |f 1948-  |g Nikolay Nikolaevich  |3 (RuTPU)RU\TPU\pers\34748 
701 1 |a Nigof  |b M. B. 
801 1 |a RU  |b 63413507  |c 20160427 
801 2 |a RU  |b 63413507  |c 20160623  |g RCR 
942 |c CR